Game, play, literature /

Bewaard in:
Bibliografische gegevens
Andere auteurs: Ehrmann, Jacques (Redacteur)
Formaat: Onbekend
Taal:Spanish
Gepubliceerd in: Boston: Beacon Press, c1968
Onderwerpen:
Tags: Voeg label toe
Geen labels, Wees de eerste die dit record labelt!

MARC

LEADER 000000000a22000000004500
001 001208
008 170626s1968 us a|||| |||| 00| 0 spa d
020 |a 0807015377 
041 0 |a inglés 
082 |a 801.92  |b G192g 
245 1 0 |a Game, play, literature /  |c Jacques Ehrmann, editor 
260 |a Boston:   |b Beacon Press,   |c c1968 
300 |a 167 páginas :   |b ilustraciones 
500 |a Número de inscripción 9553 (Colección George Yúdice) 
650 4 |a CREACION (LITERARIA, ARTISTICA) 
650 4 |a LITERATURA - FILOSOFIA 
650 4 |a TEORIA DE JUEGOS 
700 1 2 |a Ehrmann, Jacques,   |e editor 
942 |2 ddc  |c BK 
999 |c 2291  |d 2291